Score 0/12 Timer 04:00
0 Plays Today
Presidential Firsts President % Correct
to be re-electedGeorge Washington
95.2%
to be assassinatedAbraham Lincoln
94.2%
to die in officeWilliam Henry Harrison
87.8%
to lose re-electionJohn Adams
74.1%
to appear on television as presidentFranklin Delano Roosevelt
70%
to fly in a planeTheodore Roosevelt
66.3%
to be a bachelor in officeJames Buchanan
58.9%
to make a radio broadcast as presidentCalvin Coolidge
53.3%
to have served in the NavyJohn Fitzgerald Kennedy
34.4%
to run for office three timesThomas Jefferson
29.8%
to ride in a trainAndrew Jackson
28.4%
to have been born in the USAMartin Van Buren
18.2%
Remove Ads.
Support Sporcle.
Get the best of Sporcle when you Go Orange. This ad-free experience offers more features, more stats, and more fun while also helping to support Sporcle. Thank you for becoming a member.

You're not logged in!

Compare scores with friends on all Sporcle quizzes.
OR
Log In

Show Comments

Extras

Created Sep 28, 2009ReportNominate
Tags:US Presidents Quiz

Top Quizzes Today


Score Distribution

Your Account Isn't Verified!

In order to create a playlist on Sporcle, you need to verify the email address you used during registration. Go to your Sporcle Settings to finish the process.

Report this User

Report this user for behavior that violates our Community Guidelines.

Details: